Statistics for Greek Gods Major + Minor

Click here to take the quiz!

General Stats

  • This quiz has been taken 73 times
  • The average score is 20 of 26

Answer Stats

HintAnswer% Correct
UnderworldHades
98%
SeaPoseidon
98%
WarAres
96%
MessengerHermes
96%
SkyZeus
96%
Love/beautyAphrodite
95%
Sun/poetry/musicApollo
95%
Moon/the huntArtemis
95%
WisdomAthena
95%
Wife of aboveHera
95%
WineDionysus
91%
HarvestDemeter
89%
Mother EarthGaia
82%
ForgesHephaestus
81%
HearthHestia
77%
SpringtimePersephone
77%
MagicHecate
74%
SleepHypnos
72%
RainbowsIris
70%
WildPan
67%
RevengeNemesis
65%
YouthHebe
58%
DreamsMorpheus
54%
North WindBoreas
46%
MedicineAsclepius
44%
LuckTyche
37%

Score Distribution

Percentile by Number Answered

Percent of People with Each Score

Your Score History

You have not taken this quiz